000 00699nam a2200289Ia 4500
005 20260324133431.0
008 008 260324s9999 xx 000 0 eng d
020 _a9780203463949
037 _aEBOOK
040 _aCRL
040 _beng
040 _cCRL
041 _2eng
041 _aeng
084 _qCRL
100 _aJohn S. Chen
_91193085
245 4 _aThe Rise and Fall of Fu Ren University, Beijing
245 0 _bCatholic Higher Education in China
260 _bTaylor and Francis
260 _c2003
365 _a
365 _b195
856 _uhttp://www.taylorfrancis.com/books/9780203463949
942 _cEBOOK
999 _c1792099
_d1792099